Gminy powiatu Łańcuckiego - Statystyki

Ogólne statystyki
  • Ten quiz został rozwiązany 74 razy
  • Średni wynik to 4 z 6
Statystyki odpowiedzi
Gmina % Poprawnych
Łańcut
90%
Markowa
70%
Czarna
63%
Rakszawa
63%
Białobrzegi
57%
Żołynia
53%
Nie znaleziono quizów pasujących do podanych kryteriów
Rozkład punktacji
Procent ludzi z każdym wynikiem
Percentyl według liczby udzielonych odpowiedzi
Twoja historia wyników
Nie rozwiązałeś tego quizu